| 000 | 00376nam a2200133Ia 4500 | ||
|---|---|---|---|
| 008 | 220217s9999||||xx |||||||||||||| ||und|| | ||
| 020 | _a81-8333-262-5 | ||
| 082 | _a005.133 JAI | ||
| 100 |
_aJain, Satish and Singh, Shasi _96940 |
||
| 245 | 0 | _aC programming made simple | |
| 260 |
_aBPB publications _bNew Delhi _c2008 |
||
| 300 | _b165 | ||
| 650 | _aPROGRAMMING LANGUAGE | ||
| 999 |
_c180119 _d180119 |
||